000 01003nam a22003617a 4500
001 BR2010004273
003 BR-BrBNA
005 20230928103542.0
007 ta
008 230509b bl.||||| |||| 00| 0 por d
040 _aBR-BrBNA
_bpor
_cBiblioteca Nacional de Agricultura
041 _a(Por)
072 _aP01; E14
090 _ P01 BR2010004273
100 1 _aPartridge, W.
100 1 _aBiller, D.
100 1 _aGreene, D.
100 1 _aLedec, G.
100 1 _aLiebenthal, A.
100 1 _aOnursal, B.
100 1 _aQuintero, J.D.
110 1 _aBanco Mundial, Washington, DC
_91194
245 1 _aUma associação para o progresso do meio- ambiente. O Banco mundial na América Latina e no Caribe
260 3 _aWashington, DC:
_c1994.
300 _a73 p.
500 _a12 illus.; 23 tables
650 _aMEIO AMBIENTE
650 _aGESTÃO
650 _aDESENVOLVIMENTO ECONÔMICO
650 _aIMPACTO AMBIENTAL
909 _a202309
_bLucia
_c55
_dLucia Elande
942 _cBK
999 _c75576
_d75576